| 000 | 00470cam a22001451 4500 | ||
|---|---|---|---|
| 082 |
_a510 _bPIP _cL-3, P-17 |
||
| 100 | 1 |
_aPiper, Edwin Bancroft, _938998 |
|
| 245 | 1 | 0 |
_aApplied general mathematics _c[by] Edwin B. Piper, Randolph S. Gardner [and] Joseph Gruber. |
| 250 | _a2d ed. | ||
| 260 |
_aCincinnati, _bSouth-western Pub. Co. _c[1960] |
||
| 300 |
_a566 p. _billus. _c23 cm. |
||
| 526 |
_a0 _b0 _c0 _d510_000000000000000_PIP |
||
| 650 | 0 | _aMathematics. | |
| 942 |
_2ddc _cBK |
||
| 999 |
_c543588 _d543588 |
||